<?xml version="1.0" encoding="UTF-8"?>
<collection xmlns="http://www.loc.gov/MARC21/slim">
 <record>
  <leader>00979pamaa2200241   4500</leader>
  <controlfield tag="001">0000045924</controlfield>
  <controlfield tag="005">20130117090000.0</controlfield>
  <controlfield tag="008">090818                             eng  </controlfield>
  <datafield tag="020" ind1="0" ind2="0">
   <subfield code="a">9780808923749 </subfield>
  </datafield>
  <datafield tag="090" ind1="0" ind2="0">
   <subfield code="a">RC76 </subfield>
   <subfield code="b">JAR 2008</subfield>
  </datafield>
  <datafield tag="100" ind1="1" ind2="0">
   <subfield code="a">Jarvis </subfield>
  </datafield>
  <datafield tag="245" ind1="1" ind2="0">
   <subfield code="a">Physical examination &amp; health assessment  </subfield>
   <subfield code="c">Carolyn Jarvis; </subfield>
   <subfield code="f">original illustrations by Pat Thomas; </subfield>
   <subfield code="f">original illustrations by Pat Thomas; </subfield>
   <subfield code="f">assessment photographs by Kevin Strandberg.</subfield>
  </datafield>
  <datafield tag="250" ind1="0" ind2="0">
   <subfield code="a">5th ed.</subfield>
  </datafield>
  <datafield tag="260" ind1="0" ind2="0">
   <subfield code="a">St. Louis, Mo.: </subfield>
   <subfield code="b">Saunders/Elsevier, </subfield>
   <subfield code="c">2008.</subfield>
  </datafield>
  <datafield tag="300" ind1=" " ind2=" ">
   <subfield code="a">xx, 902 p.: </subfield>
   <subfield code="b">col. ill.; </subfield>
   <subfield code="c">29 cm.</subfield>
  </datafield>
  <datafield tag="500" ind1="0" ind2="0">
   <subfield code="a">Includes 1 CD-ROM titled &quot;Physical examination &amp; health assessment / Carolyn Jarvis : original illustrations by Pat Thomas : assessment photographs by Kevin Strandberg&quot;</subfield>
  </datafield>
  <datafield tag="501" ind1="0" ind2="0">
   <subfield code="a">DPHMI</subfield>
  </datafield>
  <datafield tag="501" ind1="0" ind2="0">
   <subfield code="a">BPHMI</subfield>
  </datafield>
  <datafield tag="501" ind1="0" ind2="0">
   <subfield code="a">BMLTI</subfield>
  </datafield>
  <datafield tag="504" ind1="0" ind2="0">
   <subfield code="a">Includes bibliographical references and index</subfield>
  </datafield>
  <datafield tag="650" ind1="0" ind2="0">
   <subfield code="a">Physical diagnosis </subfield>
  </datafield>
  <datafield tag="650" ind1="0" ind2="0">
   <subfield code="a">Nursing assessment </subfield>
  </datafield>
  <datafield tag="901" ind1=" " ind2=" ">
   <subfield code="u">www.elsevierhealth.com</subfield>
  </datafield>
 </record>
</collection>
